Déem Optik – miľniky v 25-ročnej histórii podniku

Míľniky v 25-ročnej histórii podnikania DÉEM OPTIK.

Guardado en:
Detalles Bibliográficos
Autor principal: Hliboká, Lucia
Formato: Capítulo de libro
Lenguaje:eslovaco
Materias:
Etiquetas: Agregar Etiqueta
Sin Etiquetas, Sea el primero en etiquetar este registro!

MARC

LEADER 00000nla a2200000 4500
001 0245516
005 20240502073943.2
041 0 |a slo 
044 |a SK 
245 1 0 |a Déem Optik – miľniky v 25-ročnej histórii podniku  |c Lucia Hliboká 
520 |a Míľniky v 25-ročnej histórii podnikania DÉEM OPTIK. 
610 2 0 |a mikropodnik 
610 2 0 |a podnikanie rodinné 
610 2 0 |a starostlivosť zdravotná 
610 2 0 |a Slovensko 
610 2 0 |a história 
100 1 |a Hliboká, Lucia